000 00601nam a2200229Ia 4500
003 OSt
005 20220928132227.0
006 a|||||r|||| 00| 0
007 ta
008 220927b |||||||| |||| 00| 0 eng d
024 _a27890
037 _cTextual
040 _aSDCL
_cSDCL
_beng
041 _2eng
_aeng
082 _aV2y7M73, L6
100 _aNayak R K
_9481394
245 0 _aVithalbhai Patel.
260 _aNew Delhi
_bNational Forum of Lawyers and Legal Aid
_c1976
300 _axxxii,464p
_ccm.
942 _hV2y7M73, L6
_cTEXL
_2CC
999 _c793985
_d793985